000 00926cam a2200277 a 4500
001 13394061
005 20170105102918.0
008 031015s2000 pk b 001 0 eng
010 _a 2003343273
020 _a9693511484
025 _aP-E-2003343273; 11; 23
035 _a(DLC) 2003343273
040 _aDLC
_cDLC
042 _alcode
_apcc
050 0 0 _aDS384
_b.R62 2000
100 1 _aRizvi, Hasan Askari,
_d1945-
245 1 4 _aThe military & politics in Pakistan, 1947-1997 /
_cHasan Askari Rizvi.
260 _aLahore :
_bSang-e-Meel Publications,
_c2000.
300 _a382 p. ;
_c22 cm.
504 _aIncludes bibliographical references (p. [346]-370) and index.
651 0 _aPakistan
_xPolitics and government
_y20th century.
651 0 _aPakistan
_xArmed Forces
_xPolitical activity.
906 _a7
_bcbc
_corigode
_d3
_encip
_f20
_gy-gencatlg
942 _2ddc
_cBK
999 _c15439
_d15439